000 00960nam a22002177a 4500
003 OSt
005 20250917153330.0
008 240325b ||||| |||| 00| 0 eng d
040 _c0
082 _aDPer 621.381 In821 September 2022 v. 37 n. 9
100 _aCvetanovic, Ruzica.
_eauthor.
_955284
245 _aAccurate high-frequency modeling of the input admittance of PWM grid-connected VSCs /
_cRuzica Cvetanovic, Ivan Z. Petric, Paolo Mattaveli, and Simone Buso.
260 _aNew York ;
_bThe Institute of Electrical and Electronics Engineers, Inc. ,
_cSeptember 2022.
300 _aVolume 37, pages 10534-10545 :
_billustration ;
_c28 cm.
500 _aIEEE Transitions on Power Electronics, v. 37 n. 9, pages 10534-10545, September 2022.
700 _aCvetanovic, Ruzica.
_eauthor.
_955284
700 _aPetric, Ivan Z.
_eauthor.
_955285
700 _aMattaveli, Paolo.
_eauthor.
_955286
700 _aBuso, Simone.
_eauthor.
_955287
942 _2ddc
_cPER
999 _c19830
_d19830